كوابيس مضحكة / (رقم التسجيلة. 106936)

تفاصيل مارك
000 -LEADER
fixed length control field 00654nam a22002177a 4500
005 - DATE AND TIME OF LATEST TRANSACTION
control field 20251108173550.0
008 - FIXED-LENGTH DATA ELEMENTS--GENERAL INFORMATION
fixed length control field 250721s2007 xx 000 0 ara d
020 ## - INTERNATIONAL STANDARD BOOK NUMBER
International Standard Book Number 9774270983
082 14 - DEWEY DECIMAL CLASSIFICATION NUMBER
Classification number 818.07/معا
100 1# - MAIN ENTRY--PERSONAL NAME
Personal name معاطى، يوسف
Relator term مؤلف
245 10 - TITLE STATEMENT
Title كوابيس مضحكة /
264 1# - PRODUCTION, PUBLICATION, DISTRIBUTION, MANUFACTURE, AND COPYRIGHT NOTICE
Place of production, publication, distribution, manufacture القاهره :
Name of producer, publisher, distributor, manufacturer الدار المصرية اللبنانية،
Date of production, publication, distribution, manufacture, or copyright notice 2007.
300 ## - PHYSICAL DESCRIPTION
Extent 127ص.
490 0# - SERIES STATEMENT
Series statement من الأدب الساخر
650 17 - SUBJECT ADDED ENTRY--TOPICAL TERM
Topical term or geographic name as entry element الأدب العربي
650 17 - SUBJECT ADDED ENTRY--TOPICAL TERM
Topical term or geographic name as entry element المقالات الأدبية
650 17 - SUBJECT ADDED ENTRY--TOPICAL TERM
Topical term or geographic name as entry element مصر
653 ## - INDEX TERM--UNCONTROLLED
Uncontrolled term ناشاون كبار (15-18) سنه
942 ## - ADDED ENTRY ELEMENTS (KOHA)
Source of classification or shelving scheme Dewey Decimal Classification
Koha item type كتب
المقتنيات
حالة السحب حالة الفقدان مصدر التصنيف حالة التلف غير قابل للإعارة المكتبة الرئيسية المكتبة الحالية موقع الرف تاريخ التزويد الرقم المتسلسل Total Checkouts رقم الإستدعاء الباركود تاريخ آخر ظهور تاريخ الفاتورة نوع المادة (كوها)
    Dewey Decimal Classification     مكتبة مرج الحمام مكتبة مرج الحمام الأطفال 28/07/2025 1139858   818.07/معا 1139858 28/07/2025 28/07/2025 كتب
    Dewey Decimal Classification     مكتبة مرج الحمام مكتبة مرج الحمام الأطفال 20/07/2008 1100127   818.07/معا PLD00029260 28/07/2025 20/07/2008 كتب
    Dewey Decimal Classification     مكتبة مرج الحمام مكتبة مرج الحمام الإعارة 12/11/2008 1240235   818.07/معا PLD00050625 28/07/2025 12/11/2008 كتب
    Dewey Decimal Classification     مكتبة وادي السير العامة مكتبة وادي السير العامة الإعارة 12/11/2008 1240237   818.07/معا PLD00050627 28/07/2025 12/11/2008 كتب
Implemented & Customized by: BBB with SCIT (Smart Chains for Information Technology)

Powered by Koha